00534 2200181 4500001002100000008004100021035002000062245011100082100001600193250001700209260003100226300002100257020002200278084001400300082000800314650002100322990000900343INLIS000000000002807 ind  a0010-0925000039 aBupena Merdeka Ilmu Pengetahuan Sosial untuk SMP/MTs Kelas VIIIbBerdasarkan Kurikulum MerdekacN. Suparno aSuparno, N. aCetakan 2024 aJakarta :bErlangga,c2025 a134 hlm.c26 cm. a978-623-180-798-4 a300 SUP b a300 aLatihan Soal IPS a7243